[Event "Prague op 21st"]
[Site "Prague"]
[Date "2023.01.06"]
[Round "1"]
[White "Bochnicka, Vladimir1111"]
[Black "Novak, Josef Jan"]
[Result "1-0"]
[WhiteElo "2345"]
[BlackElo "1943"]
[PlyCount "45"]
[EventDate "2023.01.06"]
[EventType "swiss"]
[EventRounds "9"]
[EventCountry "CZE"]
[SourceTitle "CBM 212 Extra"]
[Source "ChessBase"]
[SourceDate "2023.03.31"]
[SourceVersion "1"]
[SourceVersionDate "2023.03.31"]
[SourceQuality "1"]

1. e4 e6 2. d4 d5 3. Nd2 a6 4. Bd3 c5 5. c3 Nc6 6. Ngf3 Nf6 7. e5 Nd7 8. 0-0 Be7 9. Re1 Qb6 10. Nf1 cxd4 11. cxd4 Nxd4 12. Ng3 Nxf3+ 13. Qxf3 Qd4 14. Bf4 g5 15. Bd2 Nxe5 16. Rxe5 Qxe5 17. Re1 Qf6 18. Qe3 h5 19. Bc3 Qh6 20. Nf5 Qf8 21. Nxe7 Qxe7 22. Bxh8 f6 23. Qf3 1-0

[Event "Prague op-A 14th"]
[Site "Prague"]
[Date "2015.01.16"]
[Round "9"]
[White "Krivanek, Vladimir"]
[Black "Novak, Josef Jan"]
[Result "1-0"]
[WhiteElo "2135"]
[BlackElo "1988"]
[PlyCount "49"]
[EventDate "2015.01.09"]
[EventType "swiss"]
[EventRounds "9"]
[EventCountry "CZE"]
[SourceTitle "CBM 164 Extra"]
[Source "ChessBase"]
[SourceDate "2015.03.02"]
[SourceVersion "1"]
[SourceVersionDate "2015.03.02"]
[SourceQuality "1"]

1. e4 e5 2. f4 Nf6 3. Nc3 d5 4. d4 exd4 5. Qxd4 dxe4 6. Qxd8+ Kxd8 7. Bc4 Be6 8. Bxe6 fxe6 9. Be3 c6 10. Nge2 Bb4 11. 0-0-0+ Ke7 12. a3 Bd6 13. Ng3 Nd5 14. Ncxe4 Nxe3 15. Rxd6 Nf5 16. Rd3 Nxg3 17. Rxg3 g6 18. Re1 Na6 19. Rge3 h6 20. Ng3 Nc7 21. f5 gxf5 22. Nxf5+ Kf6 23. Nd6 b6 24. Rf3+ Kg7 25. Rf7+ 1-0